DC Universe Quiz - Statistics

General Stats
  • This quiz has been taken 981 times
    980 since last reset
  • The average score is 28 of 45
Answer Stats
Hint Answer % Correct
Runs at Speed of Light The Flash
100%
Parents Died as Kid Batman
98%
Uses a Green Ring Green Lantern
98%
King of Atlantis Aquaman
97%
Dark Knight's Sidekick Robin
97%
Is a Mad Clown Joker
96%
Amazon Warrior Princess Wonder Woman
96%
Raised on a Kansas Farm Superman
95%
Half Man, Half Machine Cyborg
92%
Master at Archery Green Arrow
92%
Owns Lexcorp Lex Luthor
87%
Cousin to the Man of Steel Supergirl
83%
Girlfriend to Dark Knight's Archnemesis Harley Quinn
80%
Can turn into an animal Beastboy
75%
Feline Villian Catwoman
75%
From Mars Martian Manhunter
75%
Girl Sidekick the Dark Knight Batgirl
73%
Uses Venoms and Toxins from Plants Poison Ivy
73%
Dick Grayson grown up Nightwing
72%
Must wear a Freeze suit to survive Mr.Freeze
69%
Alien Princess that is a member of the Teen Titians Starfire
65%
Kryptonian Villian General Zod
63%
God of War Ares
58%
Villian to the Wizard Shazam Black Adam
58%
Woman with Wings like an Angel Hawkgirl
58%
Man with Wings like an angel Hawkman
58%
Uses a Yellow Ring Sinestro
58%
Ruling Dictator of the World Apokolips Darkseid
51%
Superpowered Dog Krypto
49%
Half Human, Half Demon Raven
49%
World's Greatest Assassin Deathstroke
48%
Shazam!! Captain Marvel
46%
Ultamite Villian to the Man of Steel Doomsday
46%
Can Shrink to the Size of an Atom The Atom
45%
Robot with the Power of Wind Red Tornado
42%
Wears the Helm of Nabu Doctor Fate
41%
Super Computer Villian Brainiac
38%
Alien Bounty Hunter Lobo
38%
Is a Zombie Solomon Grundy
37%
Supervillian with the name of a bird The Penguin
32%
Has Freezing Powers Killer Frost
31%
Hero From the Future Booster Gold
29%
Controls Nuclear Power Captain Atom
28%
Is a Sorceress Zatanna
28%
Uses Venom for Strength Bain
15%
No matching quizzes found
Score Distribution
Percent of People with Each Score
Percentile by Number Answered
Your Score History
You have not taken this quiz since the last reset